Countries by hints - Statistics

General Stats
  • This quiz has been taken 28 times
  • The average score is 15 of 20
Answer Stats
Hint Not hint % Correct
Piramids Egypt
100%
Pizza Italy
100%
Anime :) Japan
96%
Ussr Russia
96%
S"Pain" Spain
96%
FREEDOOOOM Usa
96%
Too much peoples India/China
93%
Smallest ever Vatican
89%
Most tourists France
86%
Biggest empire Uk
86%
Friend with russia Belarus
82%
Baltics Estonia/Lithuania/Latvia
75%
No freedom North Korea
75%
Ankara messi Argentina
71%
5 biggest in world Brazil
71%
CR7 Portugal
57%
double landlocked Liechtenstein/Uzbekistan
54%
Andre Tate Romania
54%
no border Iceland/Sri Lanka/every island idk k?
39%
Cannibals Afghanistan
18%
No matching quizzes found
Score Distribution
Percent of People with Each Score
Percentile by Number Answered
Your Score History
You have not taken this quiz